000 00697nam a2200205Ia 4500
003 IN-BaIIA
008 211028s9999 xx 000 0 eng d
020 _a0-201-09924-1
040 _cIIA Library
080 _a92:52
_bWOO
245 0 _aSome strangeness in the proportion a centennial symposium to celebrate the achievements of Albert Einstein
_cedited by Harry Woolf
260 _aReading
_bAddison-Wesley
_c1980
300 _axxxi, 539p.
650 _aAlbert Einstein Biography
_910848
650 _abiography
_91224
650 _aBiography-Albert Einstein
_910849
650 _aNASA Thesaurus
700 _aWoolf, Harry,. ed.
_911743
942 _cBK
999 _c6856
_d6856